00773cas a2200205 a 4500008004100000050002200041245008300063246004500146260004700191310001500238362004200253500003800295650005700333650006300390650004800453710003900501003000100540005001700541040000900558 00aSCP94.5.W652bGEN00aGender and media diversity journal:bgender, popular culture and Media Freedom3 aSouthern African media diversity journal aJohannesburg, South Africa :bGender Links aSemiannual1 aBegan with issue 3, copyrighted 2007. aIssues have also thematic titles. 0aMass media and womenzAfrica, SouthernvPeriodicals. 0aMass mediaxSocial aspectszAfrica, SouthernvPeriodicals. 0aGender identity in mass mediavPeriodicals.2 aGender and Media Diversity Centre.20230123122031.0 cNUST